Αλληλογραφία της Π. Σ. Δέλτα, 1906-1940
Αποθηκεύτηκε σε:
| Άλλοι συγγραφείς: | |
|---|---|
| Μορφή: | Βιβλίο |
| Γλώσσα: | Greek |
| Δημοσίευση: |
Αθήνα :
Εστία,
1997
|
| Έκδοση: | 2η έκδ. |
| Θέματα: | |
| Ετικέτες: |
Προσθήκη ετικέτας
Δεν υπάρχουν, Καταχωρήστε ετικέτα πρώτοι!
|
MARC
| LEADER | 00000cam a2200000 i 4500 | ||
|---|---|---|---|
| 001 | 1/93066 | ||
| 008 | 080903s1997 gr | ||| |||| ||gre|| | ||
| 020 | |a 9600507562 | ||
| 035 | |l 10099858 | ||
| 040 | |a GR-MY-UA |b gre |e aacr | ||
| 041 | 0 | |a gre | |
| 082 | 0 | |a 889.63 |2 (22) | |
| 245 | 1 | 0 | |a Αλληλογραφία της Π. Σ. Δέλτα, 1906-1940 / |c επιμέλεια Ξ. Λευκοπαρίδη |
| 250 | |a 2η έκδ. | ||
| 260 | |a Αθήνα : |b Εστία, |c 1997 | ||
| 504 | |a Βιβλιογραφία: σ. [503]-506 | ||
| 504 | |a Ευρετήριο: σ. [507]-531 | ||
| 505 | 0 | |a Π. Βλαστός, Κ. Παλαμάς, Α. Πάλλης, Φ. Φωτιάδης, Γ. Βλαχογιάννης, Α. Εφταλιώτης, Α. Δελμούζος, Μ. Τριανταφυλλίδης, Γ. Ψυχάρης, Δ. Ταγγόπουλος, Δ. Πετροκόκκινος, Α. Αδαμαντίου, Δ. Γληνός, Μυριβήλης, Αμάσειας Γερμανός, Κ. Μελάς, Α. Διομήδης, Μ. Ράκτιβαν, Αθηνών Χρύσανθος, Ι. Αθανασάκης, Ι. Δεμέστιχας, Θ. Μανέτας, Α. Φικιώρη, Κ. Καραθεοδωρής, Ε. Βενιζέλος, Κ. Δεμερτζής, ΧΡ. Χρηστίδης, Π. Παλαιολόγος. | |
| 600 | 1 | 0 | |a Δέλτα, Πηνελόπη Σ., |d 1874-1941. |
| 650 | 0 | 0 | |a Litterateurs |x Correspondence. |
| 700 | 1 | |a Λευκοπαρίδης, Ξενοφών, |d 1896-1971. |4 edt | |
| 852 | |a INST |b LESVOS |e 20080903 |h 889.63 ΑΛΛ |p 005100043006 |q 005100043006 |t BK |y 0 | ||
| 901 | |a BIBL1-2008-3 | ||
| 909 | |a Λ |b 146125 | ||
| 922 | |a 1ΕΛΗ |b 200802 |c ΕΠΕΑΕΚ2/ΤΚΑ |d Σ. ΠΑΤΑΚΗΣ | ||
| 970 | |a ΚΑΡΑ |b ΓΙΑΣΕΜΗ |z 2008/09/03 | ||